[Event "SWE-chT 1920 Superettan"]
[Site "Sweden"]
[Date "2019.10.18"]
[Round "1"]
[White "Torngren, Gustav"]
[Black "Nordebrink, Johan"]
[Result "1-0"]
[WhiteElo "2227"]
[BlackElo "2117"]
[PlyCount "105"]
[EventDate "2019.10.18"]
[EventType "team-tourn"]
[EventRounds "9"]
[EventCountry "SWE"]
[SourceTitle "EXT 2023"]
[Source "ChessBase"]
[SourceDate "2022.10.05"]
[SourceVersion "1"]
[SourceVersionDate "2022.10.05"]
[SourceQuality "1"]
[WhiteTeam "Orgryte"]
[BlackTeam "Vasteras II"]
[WhiteTeamCountry "SWE"]
[BlackTeamCountry "SWE"]

1. c4 Nf6 2. Nf3 e6 3. b3 d5 4. Bb2 c5 5. e3 Nc6 6. cxd5 exd5 7. d4 cxd4 8. Nxd4 Bb4+ 9. Bc3 Qa5 10. Bxb4 Qxb4+ 11. Qd2 Nxd4 12. exd4 Qxd2+ 13. Nxd2 0-0 14. Be2 Re8 15. f3 Bf5 16. Kf2 Rac8 17. Rhc1 Rxc1 18. Rxc1 Rc8 19. Rxc8+ Bxc8 20. h4 Kf8 21. g4 Ke7 22. Nf1 h5 23. g5 Ng8 24. Ne3 Kd6 25. f4 g6 26. f5 Ne7 27. fxg6 fxg6 28. Bd3 Bd7 29. Kf3 Be8 30. Ng2 a5 31. Nf4 b5 32. a3 Nc6 33. Ke3 Ne7 34. Bc2 Bf7 35. Kd2 Kc6 36. Nd3 Kd6 37. Ne5 Be8 38. Ke3 Ke6 39. Kf4 Kd6 40. Bb1 Ke6 41. Bd3 Kd6 42. Bc2 Ke6 43. Bb1 Kd6 44. Bd3 Ke6 45. Bf1 Kd6 46. Bd3 Ke6 47. Bb1 Kd6 48. Bc2 Ke6 49. Nd3 Nc6 50. Nc5+ Ke7 51. Ke3 Nd8 52. Nd3 Kf7 53. Nf4 1-0

[Event "SWE-chT2 1617"]
[Site "Sweden"]
[Date "2016.10.15"]
[Round "2.4"]
[White "Bergstrom, Rolf"]
[Black "Nordebrink, Johan"]
[Result "1-0"]
[WhiteElo "2290"]
[BlackElo "2126"]
[PlyCount "49"]
[EventDate "2016.10.14"]
[EventType "team-tourn"]
[EventRounds "9"]
[EventCountry "SWE"]
[SourceTitle "EXT 2017"]
[Source "ChessBase"]
[SourceDate "2016.10.25"]
[SourceVersion "1"]
[SourceVersionDate "2016.10.25"]
[SourceQuality "1"]
[WhiteTeam "Stockholm SS"]
[BlackTeam "Vasteras"]
[WhiteTeamCountry "SWE"]
[BlackTeamCountry "SWE"]

1. e4 d5 2. exd5 Nf6 3. c4 e6 4. dxe6 Bxe6 5. Be2 Bc5 6. Nf3 Nc6 7. 0-0 Qd7 8. d3 0-0-0 9. Nbd2 Bf5 10. Nb3 Be7 11. d4 Be4 12. d5 Qg4 13. h3 Qf5 14. Nh4 Qd7 15. dxc6 Qxc6 16. Qe1 g5 17. Nf3 Rhe8 18. Be3 b6 19. c5 Nd5 20. cxb6 axb6 21. Nbd4 Qb7 22. Bb5 Nxe3 23. fxe3 Rg8 24. Qe2 Kb8 25. Ne5 1-0

[Event "SWE-chT 1516"]
[Site "Sweden"]
[Date "2016.03.20"]
[Round "9"]
[White "Outgajjouft, Said"]
[Black "Nordebrink, Johan"]
[Result "0-1"]
[WhiteElo "2088"]
[BlackElo "2147"]
[PlyCount "50"]
[EventDate "2015.11.06"]
[EventType "team-tourn"]
[EventRounds "9"]
[EventCountry "SWE"]
[SourceTitle "EXT 2018"]
[Source "ChessBase"]
[SourceDate "2017.10.13"]
[SourceVersion "1"]
[SourceVersionDate "2017.10.13"]
[SourceQuality "1"]
[WhiteTeam "Manhem"]
[BlackTeam "Vasteras"]
[WhiteTeamCountry "SWE"]
[BlackTeamCountry "SWE"]

1. e4 d5 2. exd5 Nf6 3. Nf3 Nxd5 4. d4 g6 5. c4 Nb6 6. Nc3 Bg7 7. Be3 0-0 8. h3 Nc6 9. Qd2 e5 10. d5 Ne7 11. Bh6 Bxh6 12. Qxh6 Nf5 13. Qd2 e4 14. Nh2 e3 15. fxe3 Nxe3 16. Qxe3 Re8 17. Ne4 Bf5 18. 0-0-0 Rxe4 19. Qh6 Rh4 20. Qe3 Nxc4 21. Qg3 Qf6 22. Qc3 Qg5+ 23. Rd2 Nxd2 24. Qxd2 Qxd2+ 25. Kxd2 Rd4+ 0-1

[Event "SWE-chT 1213"]
[Site "Sweden"]
[Date "2012.10.06"]
[Round "2"]
[White "Nordebrink, Johan"]
[Black "Penalver, Osmani"]
[Result "0-1"]
[WhiteElo "2095"]
[BlackElo "2267"]
[PlyCount "102"]
[EventDate "2012.10.05"]
[EventType "team-tourn"]
[EventRounds "9"]
[EventCountry "SWE"]
[SourceTitle "EXT 2014"]
[Source "ChessBase"]
[SourceDate "2013.11.20"]
[SourceVersion "1"]
[SourceVersionDate "2013.11.20"]
[SourceQuality "1"]
[WhiteTeam "Vasteras"]
[BlackTeam "Limhamn"]
[WhiteTeamCountry "SWE"]
[BlackTeamCountry "SWE"]

1. e4 c5 2. c3 Nf6 3. e5 Nd5 4. d4 cxd4 5. Nf3 Nc6 6. Bc4 Nb6 7. Bb3 d5 8. exd6 Qxd6 9. 0-0 Be6 10. Na3 Bxb3 11. Qxb3 e6 12. Nb5 Qd7 13. Nxa7 Rxa7 14. Qxb6 dxc3 15. bxc3 Bd6 16. Be3 Ra6 17. Qb3 0-0 18. Rfd1 Qe7 19. Rab1 Na5 20. Qb5 Rc8 21. Bd4 h6 22. Ne5 f6 23. Ng6 Qf7 24. Nh4 Qe8 25. Qe2 g5 26. Rxb7 Nxb7 27. Qxa6 Rc7 28. Nf3 e5 29. Re1 Qc6 30. Qxc6 Rxc6 31. Be3 Rxc3 32. Nd2 Rc2 33. Ne4 Be7 34. Ra1 f5 35. Ng3 f4 36. Nf5 fxe3 37. Nxe7+ Kf7 38. Nf5 exf2+ 39. Kf1 Kg6 40. Ne3 Rd2 41. Ng4 Kf5 42. Nxf2 e4 43. a4 Na5 44. Rc1 Nb3 45. Rc8 e3 46. Rf8+ Kg6 47. Ne4 Nd4 48. Nc3 Rc2 49. Ne2 Rxe2 50. Rd8 Rd2 51. Re8 Rd1# 0-1

[Event "SWE-chT 1112"]
[Site "Sweden"]
[Date "2012.03.10"]
[Round "8"]
[White "Nordebrink, Johan"]
[Black "Eriksson, Jorgen"]
[Result "0-1"]
[WhiteElo "2085"]
[BlackElo "2235"]
[PlyCount "63"]
[EventDate "2011.10.07"]
[EventType "team-tourn"]
[EventRounds "9"]
[EventCountry "SWE"]
[SourceTitle "EXT 2013"]
[Source "ChessBase"]
[SourceDate "2012.11.22"]
[SourceVersion "1"]
[SourceVersionDate "2012.11.22"]
[SourceQuality "1"]
[WhiteTeam "Vasteras"]
[BlackTeam "Umea Rockaden"]
[WhiteTeamCountry "SWE"]
[BlackTeamCountry "SWE"]

1. e4 c5 2. c3 g6 3. d4 cxd4 4. Nf3 d5 5. Qxd4 Nf6 6. e5 Nc6 7. Bb5 Ne4 8. Nbd2 Nxd2 9. Bxd2 Bg7 10. Bf4 0-0 11. Qe3 Bg4 12. Nd4 Rc8 13. f3 Bd7 14. Bxc6 bxc6 15. h4 c5 16. Ne2 Qb6 17. Rd1 Qxb2 18. h5 Ba4 19. Rxd5 Qxa2 20. Rxc5 Qb1+ 21. Nc1 Qb6 22. Rxc8 Rxc8 23. Qxb6 axb6 24. Kd2 f6 25. hxg6 hxg6 26. Be3 Kf7 27. Nd3 Bb5 28. Bxb6 fxe5 29. Nf2 Rb8 30. Bc7 Rb7 31. Ba5 Bc4 32. Bb4 0-1

[Event "Hallstahammar op"]
[Site "Hallstahammar"]
[Date "2003.09.14"]
[Round "6"]
[White "Lundback, Anders"]
[Black "Nordebrink, Johan"]
[Result "0-1"]
[WhiteElo "1681"]
[BlackElo "2221"]
[PlyCount "92"]
[EventDate "2003.09.12"]
[EventType "swiss"]
[EventRounds "7"]
[EventCountry "SWE"]
[SourceTitle "CBM 096 Extra"]
[Source "ChessBase"]
[SourceDate "2003.10.22"]
[SourceVersion "2"]
[SourceVersionDate "2003.10.20"]
[SourceQuality "1"]

1. d4 Nf6 2. c4 c5 3. d5 a6 4. a4 e6 5. Nc3 Bd6 6. e4 Be5 7. Nge2 exd5 8. cxd5 0-0 9. f4 Bxc3+ 10. Nxc3 Nxe4 11. Nxe4 Re8 12. Bd3 f5 13. Qc2 fxe4 14. Bc4 d6 15. 0-0 Nd7 16. b3 Rb8 17. Qe2 Nf6 18. Bb2 Qd7 19. Bxf6 gxf6 20. f5 b5 21. axb5 axb5 22. Qg4+ Qg7 23. Qh5 Qf7 24. Qxf7+ Kxf7 25. Be2 Re5 26. Ra7+ Rb7 27. Rxb7+ Bxb7 28. Bxb5 Bxd5 29. Bc4 Bxc4 30. bxc4 e3 31. Re1 Rxf5 32. Rxe3 Rf4 33. Rc3 Ke6 34. g3 Re4 35. Kf2 Ke5 36. Kf3 f5 37. Rc2 h5 38. Rc1 Ke6 39. Rc2 d5 40. cxd5+ Kxd5 41. Ra2 Kd4 42. Rd2+ Kc4 43. Rc2+ Kb4 44. Rb2+ Kc3 45. Rb5 Kd4 46. Rb1 c4 0-1

[Event "Hallstahammar op"]
[Site "Hallstahammar"]
[Date "2003.09.13"]
[Round "5"]
[White "Nordebrink, Johan"]
[Black "Ekman, Lars"]
[Result "0-1"]
[WhiteElo "2221"]
[BlackElo "1836"]
[PlyCount "56"]
[EventDate "2003.09.12"]
[EventType "swiss"]
[EventRounds "7"]
[EventCountry "SWE"]
[SourceTitle "CBM 096 Extra"]
[Source "ChessBase"]
[SourceDate "2003.10.22"]
[SourceVersion "2"]
[SourceVersionDate "2003.10.20"]
[SourceQuality "1"]

1. e4 e5 2. Nf3 Nc6 3. d4 exd4 4. Nxd4 Bc5 5. Nb3 Bb6 6. a4 a6 7. Nc3 d6 8. Be2 Be6 9. Nd5 Ba7 10. 0-0 Qd7 11. c4 Nf6 12. Qc2 Ne5 13. Bg5 Nfg4 14. Bxg4 Nxg4 15. Rad1 h6 16. Bd2 Bxd5 17. exd5 0-0 18. a5 Rfe8 19. Bc3 Qe7 20. Nd4 Ne5 21. b3 Qg5 22. Kh1 Qh5 23. Nf5 Ng4 24. h3 Nxf2+ 25. Rxf2 Bxf2 26. Bxg7 Qxd1+ 27. Qxd1 Re1+ 28. Qxe1 Bxe1 0-1